000 00931nam a2200277 i 4500
001 67270
003 ES-MaACL
005 20250812070418.0
007 t|
008 040517s2003 sp ||||0| spa d
020 _a84-96102-03-3
040 _aM-BN
_bspa
_cM-BN
080 _a7.036(460.15)(083.824)
080 _a7.036(82)(083.824)
245 0 0 _aNo te separes de nosotros
_b: = Ez gugandik aldendu /
_cTulio de Sagastizábal ... [et al.].
260 _a[Madrid :
_bCentro Cultural del Conde Duque,
_c2003]
300 _a59 p. :
_bil. col. ;
_c21 x 21 cm.
500 _aExposición itinerante.
650 4 _aArte-
_zPaís Vasco-
_vExposiciones
_910326
650 4 _aArte argentino-
_yS.XX-
_vExposiciones.
_910157
655 7 _2tgfbne
_9193628
_aCatálogos de exposiciones
700 1 _aSagastizábal, Tulio de.
_9101426
852 _aES-MaACL
_jL-27561
_bR.133136
942 _2udc
999 _c67270
_d67270